Printing Industries of America, the magazine

Detalles Bibliográficos
Autor Corporativo: Printing Industries of America
Formato: Desconocido
Lenguaje:inglés
Publicado: Estados Unidos : Printing Industries of America
Materias:
Acceso en línea:Acceso restringido

MARC

LEADER 00000ny a22000003n 4500
005 20110516140025.0
007 t|
008 090209c19uu9999us mx p| 0 a0eng c
010 |a 2009202214 
022 0 |a 1947-4164 
035 |a 5210 
040 |a NSDP  |c NSDP  |d vLex 
050 0 0 |a Z119  |b .G37 
050 0 0 |a Z119  |b .G37 
082 1 0 |a 686  |2 14 
090 |c 1974  |d 1974 
245 0 0 |a Printing Industries of America, the magazine  |h [Recurso electrn̤ico] 
256 |a Servicio en ln̕ea 
260 |a Estados Unidos :  |b Printing Industries of America 
310 |a Mensual 
506 1 |a Contenido solo disponible en los productos indicados  |d vLex Global  |d vLex Global (Academic Edition, excluding Law Schools)  |d vLex Global (U.S. Academic Edition, excluding Law Schools) 
650 0 4 |a Artes grf̀icas  |z Estados Unidos  |x Publicaciones perid̤icas 
650 0 4 |a Imprentas  |z Estados Unidos  |x Publicaciones perid̤icas 
710 2 |a Printing Industries of America 
740 |a vLex Revista (Servicios en ln̕ea) 
843 |a Electrn̤ica. Abierta 
853 |8 1  |i (year)  |j (month)  |k (day) 
856 4 0 |z Acceso restringido  |u http://vlex.com/account/login_ip?fuente_id=5210 
942 |c REV 
999 0 |a Graphic arts  |v Periodicals. 
999 0 |a Printing  |v Periodicals.